000
00339pam a2200157a 44500
008
230515b1914 xxu||||| |||| 00| 0 eng d
020
_a
NULL
041
_a
MARATHI
082
_a
1
100
_a
BHAPAT
245
_a
SHRITARKSANGRH SAR
250
_a
1
260
_a
SANGAI
_b
N.D.
_c
1914
300
_a
100
650
_a
SHRITARKSANGRH SAR
999
_c
497018
_d
497018